| 000 | 01638nam a2200361 i 4500 | ||
|---|---|---|---|
| 001 | 83515 | ||
| 003 | ES-MaACL | ||
| 005 | 20250812024131.0 | ||
| 007 | t| | ||
| 008 | 041117s1985 sp ||||1| spa d | ||
| 020 | _a84-252-1234-0 | ||
| 080 | _a7(091) | ||
| 245 | 0 | 0 |
_aIntroducción a la historia del arte / _cUniversidad de Cambridge ; versión castellana de Lluís Urpinell i Jovani y María del Mar Moya i Tasis ; revisión general y ampliaciones por Pilar Vélez. |
| 260 |
_aBarcelona : _bGustavo Gili : _bCírculo de Lectores, _c[1985] |
||
| 300 |
_a8 v. : _bil. ; _c24 cm. |
||
| 504 | _aBibliografía. | ||
| 505 | 8 | _aContiene: 1. Grecia y Roma / Susan Woodford -- 2. La Edad Media / Anne Shaver-Crandell -- 3. El Renacimiento / Rosa María Letts -- 4. El siglo XVII / Madeleine y Rowland Mainstone -- 5. El siglo XVIII / Stephen Richard Jones -- 6. El siglo XIX / Donald Martin Reynolds -- 7. El siglo XX / Rosemary Lambert -- 8. Cómo mirar un cuadro / Susan Wodford | |
| 650 | 4 |
_aArte- _vHistoria _910107 |
|
| 700 | 1 |
_aUrpinell i Jovani, Lluís. _9112199 |
|
| 700 | 1 |
_aMoya i Tasis, María del Mar. _983972 |
|
| 700 | 1 |
_aVélez, Pilar. _9113827 |
|
| 700 | 1 |
_aWoodford, Susan. _9117326 |
|
| 700 | 1 |
_aShaver-Crandell, Anne. _9106022 |
|
| 700 | 1 |
_aLetts, Rosa María. _971892 |
|
| 700 | 1 |
_aMainstone, Madeleine. _975602 |
|
| 700 | 1 |
_aMainstone, Rowland. _975603 |
|
| 700 | 1 |
_aJones, Stephen Richard. _966868 |
|
| 700 | 1 |
_aReynolds, Donald Martin. _996629 |
|
| 700 | 1 |
_aLambert, Rosemary. _969820 |
|
| 710 | 2 |
_aUniversity of Cambridge. _97505 |
|
| 852 |
_aES-MaACL _jL-10456-63 |
||
| 999 |
_c83515 _d83515 |
||